| 000 | 00781cam a2200253 i 4500 | ||
|---|---|---|---|
| 001 | 852635 | ||
| 008 | 780531s1977 enka b 001 0 eng | ||
| 010 | _a 78304305 | ||
| 020 |
_a0340220821 : _c£1.50 |
||
| 040 |
_aDLC _cDLC _dDLC |
||
| 050 | 0 | 0 |
_aHD8391 _b.W47 |
| 100 | 1 | _aWhitehead, Ken. | |
| 245 | 1 | 0 |
_aIndustrial relations / _c[by] Ken Whitehead. |
| 264 |
_aSevenoaks : _bTeach Yourself Books, _c1977. |
||
| 300 |
_aviii, 223 pages. : _billustrations ; _c18 cm. |
||
| 336 |
_atext _btxt |
||
| 337 |
_aunmediated _bn |
||
| 338 | _2rdacarrier | ||
| 490 | 0 | _aBusiness & management studies | |
| 490 | 0 | _aTeach yourself books | |
| 650 | 0 | _aIndustrial relations | |
| 942 | _cOS | ||
| 999 |
_c44840 _d44840 |
||